Pedagogika a výzvy nové doby

Bibliographic Details
Main Author: Komora, Juraj, 1973-2023 (Author)
Format: Article
Language:Slovak
ISSN:1335-003X
Subjects:

MARC

LEADER 00000nab a2200000 a 4500
001 vtls008159404
003 SK-MaSNL
005 20260305023141.0
008 250505c2004 xo |r|p|||| |000 b|slo
015 |a SNBRB2005/06 
035 |a (uuid)7af47ac7-2b4f-4ec7-b811-c89f8969323c 
035 |a urn:nbn:sk:snk-ab9t1x 
035 |a (urnnbn)urn:nbn:sk:snk:ar-a08rtp 
038 |a SPK 
040 |a SNKBUCL  |b slo  |c SNKBUCL  |e AACR2 
041 0 |a slo 
044 |a xo  |c SK 
080 |a 37.013  |2 1997 
100 1 |a Komora, Juraj,  |d 1973-2023  |4 aut  |9 264463 
245 1 0 |a Pedagogika a výzvy nové doby  |c Juraj Komora 
650 0 7 |a pedagogika  |2 spk  |9 955 
655 7 |a recenzie  |2 spk  |9 21907 
773 0 |t Technológia vzdelávania  |g Roč. XII., č. 7 (2004), s. 16-[17]  |x 1335-003X 
787 0 8 |i Rec.:  |a Skalková, Jarmila  |t Pedagogika a výzvy nové doby  |d Brno : Paido, 2004  |z 8073150603 
850 |a Slovenská národná knižnica 
852 |a Slovenská národná knižnica 
954 |a odborná, vedecká literatúra pôvodná (slovenská)  |2 lita 
958 |a article13 
958 |a OND 
958 |a EUIPO 
999 |c 3294921  |d 3296851